Movies Quiz

Random Movies or Star Wars Quiz
Score 0/12 Timer 05:00
0 Plays Today
% Correct
Jyn Erso
88.7%
Darth Vader
87.8%
Bail Organa
76.2%
K-2SO
71.1%
Galen Erso
70.6%
Mon Mothma
67.6%
Captain Cassian Andor
65.7%
Saw Gerrera
60.9%
Director Orson Krennic
57.8%
Bodhi Rook
53.8%
Baze Malbus
53.6%
Chirrut Îmwe
52.8%
Remove Ads.
Support Sporcle.
Get the best of Sporcle when you Go Orange. This ad-free experience offers more features, more stats, and more fun while also helping to support Sporcle. Thank you for becoming a member.

You're not logged in!

Compare scores with friends on all Sporcle quizzes.
OR
Log In

Show Comments

Extras

Top Quizzes Today


Score Distribution

Your Account Isn't Verified!

In order to create a playlist on Sporcle, you need to verify the email address you used during registration. Go to your Sporcle Settings to finish the process.

Report this User

Report this user for behavior that violates our Community Guidelines.

Details: